Les animaux - de A à Z - Statistiques

Statistiques générales
  • Ce quiz a été pris 9 880 fois
  • Le résultat moyen est 18 sur 26
Statistiques - réponses
Lettre Indice Réponse % Correct
A Parfois appelé crocodile. Alligator
94%
G Elle a un long cou... Girafe
94%
B La mère de Bambi en était une. Biche
93%
L On en devient un "Garou" si il nous mord à la pleine lune. Loup
92%
D Le T-rex ou le Stégosaure par exemple. Dinosaure
91%
J Grand félin, qui a donné son nom à une marque de voiture. Jaguar
90%
M Sorte d'éléphant préhistorique, aujourd'hui disparu. Mammouth
86%
H Aussi appelé cheval de mer. Hippocampe
82%
K Petit oiseau originaire de Nouvelle-Zélande, c'est aussi le nom d'un fruit. Kiwi
82%
I Sorte de grand lézard, qui peut être vert, bleu ou des Galápagos. Iguane
81%
R Être rusé comme cet animal est un compliment. Renard
81%
T Franklin en est "une" dans un dessin pour enfant. Tortue
80%
S "A qu'est-ce qu'on est serré, au fond de cette boite, chante les ..." Sardines
79%
Z Animal à rayures noires et blanches. Zèbre
74%
V Elle est sacrée en Inde. Vache
71%
F Insecte pouvant être noire, rouge ou électrique. Fourmi
69%
N Aussi appelé "Licorne des mers" Narval
62%
P Sa consommation serait à l'origine du "Coronavirus". Pangolin
62%
C Nom donné au Renne au Canada. Caribou
56%
E C'est à partir des œufs de ce poisson que l'on fabrique le caviar. Esturgeon
52%
Y Race de petit chien, qui tient son nom d'un comté Anglais du même nom. Yorkshire
47%
O Petit mammifère avec un "bec de canard", originaire d'Australie. Ornithorynque
44%
Q La "caudectomie", revient à couper cette partie du corps de son animal. Queue
41%
W Aussi appelé mini-Kangourou, son nom a inspiré une chaine de parcs d'attractions. Wallaby
32%
U Aussi appelé vautour noir, est l'une des espèces de charognards vivant sur le continent américain. Urubu
12%
X C'est un genre de petits rongeurs proches de l'écureuil vivant sur le continent africain. Xérus
7%
Aucun quiz correspondant
Distribution des résultats
% des personnes avec chaque résultat
Percentile par nombre de réponses
Votre historique - résultats
Vous n’avez pas pris ce quiz